| 000 | 004830000a22001810004500 | ||
|---|---|---|---|
| 003 | MACL | ||
| 005 | 20151014171342.0 | ||
| 008 | 151014b xxu||||| |||| 00| 0 eng d | ||
| 040 |
_aMACL _cMACL |
||
| 041 | _aEnglish | ||
| 082 | _a920/CHA | ||
| 100 |
_aChatterji, Shoma A _94339 |
||
| 245 |
_aPramathesh Chandra Barua _bThe Crownless Prince The Eternal Devdas |
||
| 260 |
_bWisdom Tree _c2008 _aNew Delhi |
||
| 350 | _a195 | ||
| 650 |
_aBiography _914919 |
||
| 942 |
_cBK _k920/CHA _2ddc |
||
| 999 |
_c40995 _d40995 |
||